Dance Moms 1 - Statistics

General Stats
  • This quiz has been taken 417 times
  • The average score is 12 of 15
Answer Stats
Qustion Answer % Correct
What is the studio owner called? Abby
99%
Which dancer starred in Sia's Chandelir video? Maddie
99%
Who is Abby's favourite? Maddie
99%
What is Kendall's mom called? Jill
98%
What is Maddie and Mackenzie's mom called? Melissa
97%
What is Chloe's mom called? Christi
96%
Which dancer broke their foot doing a standing back tuck? Paige
86%
Who won nationals in Season 2? Chloe
84%
What is Chloe's last name? Lukasiak
81%
What does Abby do at the beggining of every episode? Pyramid
81%
Which of Maddie's solo's did Mackenzie do a few years after? Cry
80%
What is Mackenzie's stage name? Mack Z
79%
What is Maddie's favourite style of dance? Tap
66%
Which of the girls now has their own TV show? Asia
32%
Why did Kelly get kicked off of the show? She got into a fight with Abby
3%
No matching quizzes found
Score Distribution
Percent of People with Each Score
Percentile by Number Answered
Your Score History
You have not taken this quiz